000 02181cab a2200313 ab4500
005 20231014063813.0
008 991125c2016 ag fr p o 000 0 spa d
035 _aUPN01000217785
040 _aMX-MxUPN
_bspa
_cMX-MxUPN
_eaacr2
049 _aART-E
100 1 _aDi Rico, Eliana
100 1 _uelunow@hotmail.com
100 1 _aPaternain, Natalia
100 1 _aPortillo, Natalia
100 1 _aGalarza, Aixa Lidia
245 1 0 _aAnálisis de la relación entre factores psicosociales y riesgo suicida en adolescentes de la ciudad de Necochea
_h[recurso electrónico en línea]
506 0 _aAcceso abierto
520 3 _aLos comportamientos suicidas en la adolescencia se han convertido en un grave problema de salud pública. En este sentido es menester preguntarse por aquellos factores que puede ayudar a la comprensión y prevención de estos comportamientos. En esta línea, este estudio empírico se propuso estudiar la relación entre riesgo suicida y tres variables psicosociales –soledad, aislamiento social y apoyo social percibido– en adolescentes escolarizados de la ciudad de Necochea (Prov. de Buenos Aires, Argentina). La literatura disponible indica que estas variables pueden actuar como factores protectores ante la suicidalidad, o bien, factores de riesgo que aumentan la probabilidad del adolescente de involucrarse en este tipo de comportamientos autodestructivos. Se aplicaron tres medidas de autoinforme a 99 adolescentes escolarizados necochenses. Los resultados muestran que la experiencia de soledad el apoyo social de padres y de compañeros de clase exhiben las asociaciones de mayor magnitud con ideaciones suicidas activas. Se discuten los resultados y posibles implicaciones. PP
650 0 _91014
_aAdolescentes
650 2 _aConducta suicida
_97576
650 2 _aAislamiento social
_91971
650 2 _aSoledad
_914185
653 0 _aApoyo social
773 _hVol. 13, no. 2 (2016), p. 95-106
_tPerspectivas en psicología : revista de psicología y ciencias afines
_x1853-8800
856 4 _uhttp://200.0.183.216/revista/index.php/pep/article/view/12.
902 _bLeonor Sotres/131023
905 _aArticulo
942 _cART-E
999 _c189885
_d189885